<?xml version="1.0" encoding="UTF-8"?>
<collection xmlns="http://www.loc.gov/MARC21/slim">
<record>
  <controlfield tag="001">7770</controlfield>
  <controlfield tag="005">20260108161002.0</controlfield>
  <datafield tag="024" ind1="7" ind2=" ">
    <subfield code="a">10.1093/mnras/staf1247</subfield>
    <subfield code="2">DOI</subfield>
  </datafield>
  <datafield tag="037" ind1=" " ind2=" ">
    <subfield code="a">SCART-2026-0040</subfield>
  </datafield>
  <datafield tag="100" ind1=" " ind2=" ">
    <subfield code="a">Dileep, Athul</subfield>
  </datafield>
  <datafield tag="245" ind1=" " ind2=" ">
    <subfield code="a">Chemical abundances and Doppler imaging of the Ap Si/He-wk star HD 100357</subfield>
  </datafield>
  <datafield tag="260" ind1=" " ind2=" ">
    <subfield code="c">2025</subfield>
  </datafield>
  <datafield tag="520" ind1=" " ind2=" ">
    <subfield code="a">We present the results of time-resolved photometry, abundance analysis, and Doppler imaging of an Ap star, HD 100357. The TESS photometry revealed rotational modulation with a period of 1.6279247 d. Upon inspecting the residuals after removing the rotational period and its harmonics, we found additional frequencies around 15.8054 d⁻1, which we later confirmed with ground-based observations as originating from a nearby star. Using high-resolution spectroscopy, we identified HD 100357 as an Ap Si/He-wk star exhibiting rotational modulation caused by surface abundance spots. The stellar parameters of HD 100357 were determined as T_eff = 11 850 K, logg = 4.57, υsini = 60 kms^{-1}, and an inclination angle i = 72 deg. The detailed abundance analysis revealed strongly overabundant stratified silicon, an overabundance of iron-peak elements and rare earth elements combined with remarkably deficient helium. Mapping of Fe and Cr abundances revealed the existence of ring-shaped regions with a lower concentration of the elements. Their geometry might reflect the orientation of the hypothetical magnetic field of the star, oriented ∼90 deg to the rotational axis. HD 100357, with its strong chemical peculiarities and indications of possible magnetic fields, represents an interesting candidate for follow-up spectropolarimetric observations aimed at investigating its magnetic field topology and stellar activity.</subfield>
  </datafield>
  <datafield tag="594" ind1=" " ind2=" ">
    <subfield code="a">NO</subfield>
  </datafield>
  <datafield tag="653" ind1="1" ind2=" ">
    <subfield code="a">Line: profiles</subfield>
  </datafield>
  <datafield tag="653" ind1="1" ind2=" ">
    <subfield code="a">Stars: abundances</subfield>
  </datafield>
  <datafield tag="653" ind1="1" ind2=" ">
    <subfield code="a">Stars: chemically peculiar</subfield>
  </datafield>
  <datafield tag="653" ind1="1" ind2=" ">
    <subfield code="a">Stars: individual: HD100357</subfield>
  </datafield>
  <datafield tag="653" ind1="1" ind2=" ">
    <subfield code="a">Stars: rotation</subfield>
  </datafield>
  <datafield tag="653" ind1="1" ind2=" ">
    <subfield code="a">Stars: starspots</subfield>
  </datafield>
  <datafield tag="653" ind1="1" ind2=" ">
    <subfield code="a">Solar and Stellar Astrophysics</subfield>
  </datafield>
  <datafield tag="700" ind1=" " ind2=" ">
    <subfield code="a">Joshi, Santosh</subfield>
  </datafield>
  <datafield tag="700" ind1=" " ind2=" ">
    <subfield code="a">Alexeeva, Sofya</subfield>
  </datafield>
  <datafield tag="700" ind1=" " ind2=" ">
    <subfield code="a">Kochukhov, Oleg</subfield>
  </datafield>
  <datafield tag="700" ind1=" " ind2=" ">
    <subfield code="a">Semenko, Eugene</subfield>
  </datafield>
  <datafield tag="700" ind1=" " ind2=" ">
    <subfield code="a">De Cat, Peter</subfield>
  </datafield>
  <datafield tag="700" ind1=" " ind2=" ">
    <subfield code="a">Zúñiga-Fernández, Sebastián</subfield>
  </datafield>
  <datafield tag="700" ind1=" " ind2=" ">
    <subfield code="a">Trust, Otto</subfield>
  </datafield>
  <datafield tag="700" ind1=" " ind2=" ">
    <subfield code="a">Pollard, Karen</subfield>
  </datafield>
  <datafield tag="700" ind1=" " ind2=" ">
    <subfield code="a">Crause, Lisa</subfield>
  </datafield>
  <datafield tag="700" ind1=" " ind2=" ">
    <subfield code="a">Barkaoui, Khalid</subfield>
  </datafield>
  <datafield tag="700" ind1=" " ind2=" ">
    <subfield code="a">Gillon, Michaël</subfield>
  </datafield>
  <datafield tag="700" ind1=" " ind2=" ">
    <subfield code="a">Jehin, Emmanuel</subfield>
  </datafield>
  <datafield tag="700" ind1=" " ind2=" ">
    <subfield code="a">Rathore, Neeraj</subfield>
  </datafield>
  <datafield tag="773" ind1=" " ind2=" ">
    <subfield code="p">Monthly Notices of the Royal Astronomical Society</subfield>
    <subfield code="v">542</subfield>
    <subfield code="y">2025</subfield>
    <subfield code="n">2</subfield>
    <subfield code="c">747--761</subfield>
  </datafield>
  <datafield tag="856" ind1="0" ind2=" ">
    <subfield code="f">peter.decat@ksb-orb.be</subfield>
  </datafield>
  <datafield tag="856" ind1="4" ind2=" ">
    <subfield code="s">4163602</subfield>
    <subfield code="u">http://publi2-as.oma.be/record/7770/files/Dileep2025_MNRAS542_747.pdf</subfield>
  </datafield>
  <datafield tag="856" ind1="4" ind2=" ">
    <subfield code="s">4337</subfield>
    <subfield code="u">http://publi2-as.oma.be/record/7770/files/Dileep2025_MNRAS542_747.gif?subformat=icon</subfield>
    <subfield code="x">icon</subfield>
  </datafield>
  <datafield tag="856" ind1="4" ind2=" ">
    <subfield code="s">6774</subfield>
    <subfield code="u">http://publi2-as.oma.be/record/7770/files/Dileep2025_MNRAS542_747.jpg?subformat=icon-180</subfield>
    <subfield code="x">icon-180</subfield>
  </datafield>
  <datafield tag="905" ind1=" " ind2=" ">
    <subfield code="a">published in</subfield>
  </datafield>
  <datafield tag="980" ind1=" " ind2=" ">
    <subfield code="a">REFERD</subfield>
  </datafield>
</record>
</collection>